000 00693nam a22002057a 4500
999 _c187108
_d187108
005 20220331145811.0
010 _aENG-132187
020 _a9788195391936
_c799.00
035 _aEN-115719
037 _bDBAD/PUB
082 _a669
100 _aSreekanth, D.V.
245 _aMetallurgy and Material Science/
_cD.V. Sreekanth, B. Ravi Naik and R. Hanuma Naik
260 _aHyderabad
_bSrikrishna Techno Books
_c2021
270 _a#326, III Floor, Surneni Nilayam Near B K Guda Park, S R Nagar
_mstudentshelpline.in@gmail.com
_e500038
_bHyderabad
300 _axvi, 376p.
_c24cm(pbk)
700 _aNaik, B. Ravi
700 _aNaik, R. Hanuma
942 _2ddc
_cEN
_mSRE
_h669